US State Sizes - Statistics

General Stats
  • This quiz has been taken 82 times
    59 since last reset
  • The average score is 13 of 15
Answer Stats
Hint Answer % Correct
2 Texas
100%
1 Alaska
98%
3 California
98%
4 Montana
95%
7 Nevada
95%
6 Arizona
93%
8 Colorado
93%
10 Wyoming
91%
5 New Mexico
85%
14 Idaho
82%
12 Minnesota
82%
9 Oregon
82%
13 Utah
82%
11 Michigan
78%
15 Kansas
73%
No matching quizzes found
Score Distribution
Percent of People with Each Score
Percentile by Number Answered
Your Score History
You have not taken this quiz since the last reset